MARC

LEADER 00000nas a2200000 4500
001 ssj0009125
003 WaSeSS
005 20200512172242.0
006 m d
007 cr n
008 750123c19749999enkqr p s 0 a0eng
010 |a  74645106  
015 |a GB7424753  |2 bnb 
016 7 |a 011054808  |2 DE-101 
016 7 |a 190575-2  |2 DE-600 
016 7 |a 007007554  |2 Uk 
022 |l 0305-0920  |y 0305-0920 
032 |a 007199  |b USPS 
035 |a (WaSeSS)ssj0009125 
037 |b Research Information Ltd., 222 Marylands Ave., Hemel Hempstead, Herts., HP2 7TD, UK 
040 |a DLC  |b eng  |c DLC  |d NSD  |d OCL  |d DLC  |d AIP  |d NST  |d AIP  |d AGL  |d DLC  |d NST  |d NSD  |d AGL  |d SYS  |d OCLCQ  |d TXA  |d OCLCQ  |d LVB  |d CUV  |d OCLCQ  |d GBVCP  |d UKMGB  |d OCLCO  |d OCLCQ  |d OCLCF  |d OCLCO  |d DLC  |d LND  |d UKBOL  |d CUS  |d OCLCQ  |d WaSeSS 
042 |a pcc  |a nsdp 
043 |a d------ 
050 0 0 |a T1  |b .A66 
070 0 |a T1  |b .A6 
072 0 |a A000 
072 0 |a E110 
072 0 |a E550 
082 0 4 |a 609/.172/4 
210 0 |a Appropriate technol. 
222 0 |a Appropriate technology 
245 0 0 |a Appropriate technology  |h [electronic resource]. 
260 |a London :  |b Intermediate Technology Publications 
260 3 |3 <June 2016->:  |a Buckinghamshire, UK :  |b Research Information Ltd 
310 |a Quarterly 
362 0 |a v. 1- 1974- 
500 |a Published: Hemel Hempstead, Herts. : Research Information Ltd., 1999- 
506 |a License restrictions may limit access. 
555 |a Subject Index: Vols. 1-5, 1974-79, with v. 5; v. 1-12, 1974-85. 
588 |a Latest issue consulted: Vol. 43, no. 2 (June 2016). 
650 0 |a Appropriate technology  |z Developing countries  |v Periodicals. 
650 6 |a Technologie  |z Pays en voie de développement  |v Périodiques. 
650 7 |a Appropriate technology.  |2 fast  |0 (OCoLC)fst00811814 
651 7 |a Developing countries.  |2 fast  |0 (OCoLC)fst01242969 
653 |a Engineering 
653 |a Agriculture 
653 |a Environment 
655 0 |a Electronic journals. 
780 0 5 |t International agricultural development  |x 0261-4413  |w (DLC)sn 84011590  |w (OCoLC)8256295 
780 0 5 |t Gate-technology & development 
780 0 5 |t Agriculture & equipment international  |g 2003  |w (OCoLC)27924219  |w (DLC) 93645336 
850 |a AAP  |a CU-SB  |a CaMWU  |a CaSRU  |a DGW  |a DLC  |a DNAL  |a FU  |a IaAS  |a InLP  |a KMK  |a LU  |a MCM  |a MnSU  |a MnU  |a NcD  |a NjR  |a NmLcU  |a OrCS  |a PPD  |a PU  |a RPB-S 
853 0 3 |8 1  |a v.  |b no.  |i (year)  |j (season) 
853 0 3 |8 2  |a v.  |b no.  |i (year)  |j (month) 
856 4 0 |z Full text available from Research Library: 01/01/2001 to 12/31/2017  |u https://search.proquest.com/publication/25518 
863 4 0 |8 1  |a <1>  |b <1>-  |i <1974>  |j <[spring?]>-  |x provisional 
863 4 0 |8 2  |a <2>-  |i <1975/1976>-  |x provisional